000 00506nam a2200157Ia 4500
008 160316s1999 xxu||||| |||| 00| 0 eng d
082 _a344.046000
_bABB
100 _aAbbasi S A
245 _aHot topics : Everyday environmental concerns
250 _a
260 _aNew Delhi
_bOxford University Press
_c1999
300 _a208p
_b
_cxvii
365 _bRs.495
650 _a1. Environmental Protection - Conservation 2. Environmental Management 3. Disaster Management
700 _aKrishnakumari P
_aKhan F I
999 _c13902
_d13902